000 006920000a22002170004500
003 dpl
005 20081031122925.0
008 081031t xxu||||| |||| 00| 0 eng d
010 _aENG-84683
020 _a8181160401
_c725.00 (hb)
035 _aEN-68216
040 _cdpl
082 _a910
100 _aSharma, R K
245 _aTeaching of geography /
_cby R K Sharma
260 _a4393/4, First Floor, Ansari Road, Darya Ganj, New Delhi-110002
260 _aNew Delhi
_bMaxford Books
_c2006
300 _a346p
_c22cm
942 _2ddc
_cEN
_h910
_mSHA
999 _c17987
_d17987